|
|
|
|
| LEADER |
01902nam a2200541 a 4500 |
| 001 |
nkc20112265390 |
| 003 |
CZ PrNK |
| 005 |
20190417235008.0 |
| 007 |
ta |
| 008 |
111212s2012 xr ah f 001 0 cze |
| 015 |
|
|
|a cnb002265390
|
| 020 |
|
|
|a 978-80-257-0542-1
|q (váz.)
|
| 035 |
|
|
|a (OCoLC)794207602
|
| 040 |
|
|
|a ABA001
|b cze
|
| 041 |
0 |
|
|a cze
|b eng
|
| 072 |
|
7 |
|a 72/76
|x Výtvarné umění
|2 Konspekt
|9 21
|
| 080 |
|
|
|a 7.033
|2 MRF
|
| 080 |
|
|
|a 75.051
|2 MRF
|
| 080 |
|
|
|a 7.073
|2 MRF
|
| 080 |
|
|
|a 7.04
|2 MRF
|
| 080 |
|
|
|a 27-526.62
|2 MRF
|
| 080 |
|
|
|a 316.3"04/14"
|2 MRF
|
| 080 |
|
|
|a (048.8)
|2 MRF
|
| 100 |
1 |
|
|a Bartlová, Milena,
|d 1958-
|7 jn19981000203
|4 aut
|
| 245 |
1 |
0 |
|a Skutečná přítomnost :
|b středověký obraz mezi ikonou a virtuální realitou /
|c Milena Bartlová
|
| 250 |
|
|
|a Vyd. 1.
|
| 260 |
|
|
|a Praha :
|b Argo,
|c 2012
|
| 300 |
|
|
|a 407 s. :
|b il. (převážně barev.), faksim. ;
|c 24 cm
|
| 504 |
|
|
|a Obsahuje bibliografii, bibliografické odkazy a rejstříky
|
| 546 |
|
|
|a Anglické resumé
|
| 650 |
0 |
7 |
|a středověké umění
|7 ph126240
|2 czenas
|
| 650 |
0 |
7 |
|a obrazy
|7 ph123609
|2 czenas
|
| 650 |
0 |
7 |
|a interpretace uměleckého díla
|7 ph162886
|2 czenas
|
| 650 |
0 |
7 |
|a ikonografie
|7 ph121030
|2 czenas
|
| 650 |
0 |
7 |
|a středověká společnost
|7 ph216791
|2 czenas
|
| 650 |
0 |
9 |
|a medieval art
|2 eczenas
|
| 650 |
0 |
9 |
|a paintings
|2 eczenas
|
| 650 |
0 |
9 |
|a art interpretation
|2 eczenas
|
| 650 |
0 |
9 |
|a iconography
|2 eczenas
|
| 650 |
0 |
9 |
|a medieval society
|2 eczenas
|
| 655 |
|
7 |
|a monografie
|7 fd132842
|2 czenas
|
| 655 |
|
9 |
|a monographs
|2 eczenas
|
| 856 |
4 |
1 |
|u http://www.digitalniknihovna.cz/mzk/uuid/uuid:180258d0-3c09-11e9-bae4-005056827e51
|y Digitalizovaný dokument
|x NDK
|
| 910 |
2 |
|
|a BOA001
|b 2-1288.083
|
| 990 |
|
|
|a BK
|
| 995 |
|
|
|a 01
|
| 991 |
|
|
|b 201206
|c NOV
|e n
|
| 996 |
6 |
|
|b 2610514245
|c 2-1288.083
|l MZK
|r Sklad / do 1 hodiny
|n 41
|p p.v.
|w 001257223
|u 000010
|a 1
|e BOA001
|j MZK50
|s P
|